000 00848nam a2200181Ia 4500
008 100920s9999 xx 000 0 und d
082 _b9385
_a32 थ 58
100 _aजोशी श्रीपाद.
245 _aअभिनव शब्दकोश (हिन्दी-मराठी-हिन्दी व मराठी-हिन्दी).
260 _bव्हीनस प्रकाशन,पुणे.
_c1958
300 _a399
_bसाधी
365 _b5
520 _aकोश.
630 _aअभिनव शब्दकोश (हिन्दी-मराठी-हिन्दी व मराठी-हिन्दी).
650 _aकोश.
730 _aअभिनव शब्दकोश (हिन्दी-मराठी-हिन्दी व मराठी-हिन्दी).
942 _cBOOK
999 _c676352
_d676349